<?xml version="1.0" encoding="UTF-8"?>
<record
    xmlns:xsi="http://www.w3.org/2001/XMLSchema-instance"
    xsi:schemaLocation="http://www.loc.gov/MARC21/slim http://www.loc.gov/standards/marcxml/schema/MARC21slim.xsd"
    xmlns="http://www.loc.gov/MARC21/slim">

  <leader>01419cam a22003251  4500</leader>
  <controlfield tag="001">gs 32000076 </controlfield>
  <controlfield tag="003">DLC</controlfield>
  <controlfield tag="005">20260227111336.0</controlfield>
  <controlfield tag="008">780524s1932    dcubef       f001 0 eng  </controlfield>
  <datafield tag="010" ind1=" " ind2=" ">
    <subfield code="a">gs 32000076 </subfield>
  </datafield>
  <datafield tag="035" ind1=" " ind2=" ">
    <subfield code="a">(OCoLC)3925073</subfield>
  </datafield>
  <datafield tag="040" ind1=" " ind2=" ">
    <subfield code="a">DLC</subfield>
    <subfield code="c">USlW</subfield>
    <subfield code="d">ISS</subfield>
    <subfield code="d">OCoLC</subfield>
    <subfield code="d">DLC</subfield>
  </datafield>
  <datafield tag="042" ind1=" " ind2=" ">
    <subfield code="a">premarc</subfield>
  </datafield>
  <datafield tag="050" ind1="0" ind2="0">
    <subfield code="a">TN24.C6</subfield>
    <subfield code="b">B4 no. 169</subfield>
  </datafield>
  <datafield tag="086" ind1="0" ind2=" ">
    <subfield code="a">I 19.16:169</subfield>
  </datafield>
  <datafield tag="100" ind1="1" ind2=" ">
    <subfield code="a">Burbank, W. S.</subfield>
    <subfield code="q">(Wilbur Swett),</subfield>
    <subfield code="d">1898-1975.</subfield>
  </datafield>
  <datafield tag="245" ind1="1" ind2="0">
    <subfield code="a">Geology and ore deposits of the Bonanza mining district, Colorado,</subfield>
    <subfield code="c">by W. S. Burbank; with a section on History and production, by Charles W. Henderson.  Prepared in cooperation with the Colorado metal mining fund.</subfield>
  </datafield>
  <datafield tag="260" ind1=" " ind2=" ">
    <subfield code="a">Washington,</subfield>
    <subfield code="b">U.S. Govt. Print. Off.,</subfield>
    <subfield code="c">1932.</subfield>
  </datafield>
  <datafield tag="300" ind1=" " ind2=" ">
    <subfield code="a">ix, 166 p.</subfield>
    <subfield code="b">incl. plans, tables, diagrs.  35 pl. (part fold., incl. maps, plans, diagrs.)</subfield>
    <subfield code="c">29 cm.</subfield>
  </datafield>
  <datafield tag="410" ind1="2" ind2="0">
    <subfield code="a">Geological Survey (U.S.).</subfield>
    <subfield code="t">Professional paper</subfield>
    <subfield code="v">169</subfield>
  </datafield>
  <datafield tag="500" ind1=" " ind2=" ">
    <subfield code="a">At head of title: United States Department of the Interior.</subfield>
  </datafield>
  <datafield tag="500" ind1=" " ind2=" ">
    <subfield code="a">Map, 2 plans and diagram folded in pocket.</subfield>
  </datafield>
  <datafield tag="504" ind1=" " ind2=" ">
    <subfield code="a">Bibliographical foot-notes.</subfield>
  </datafield>
  <datafield tag="650" ind1=" " ind2="0">
    <subfield code="a">Geology</subfield>
    <subfield code="z">Colorado</subfield>
    <subfield code="z">Saguache County.</subfield>
  </datafield>
  <datafield tag="650" ind1=" " ind2="0">
    <subfield code="a">Ore deposits.</subfield>
  </datafield>
  <datafield tag="650" ind1=" " ind2="0">
    <subfield code="a">Mines and mineral resources</subfield>
    <subfield code="z">Colorado</subfield>
    <subfield code="z">Saguache County.</subfield>
  </datafield>
  <datafield tag="700" ind1="1" ind2=" ">
    <subfield code="a">Henderson, Charles William,</subfield>
    <subfield code="d">1885-</subfield>
  </datafield>
  <datafield tag="710" ind1="2" ind2=" ">
    <subfield code="a">Colorado State Metal Mining Fund.</subfield>
  </datafield>
  <datafield tag="740" ind1="0" ind2=" ">
    <subfield code="a">Bonanza mining district, Colorado, Geology and ore deposits of the.</subfield>
  </datafield>
  <datafield tag="999" ind1=" " ind2=" ">
    <subfield code="c">26948</subfield>
    <subfield code="d">26948</subfield>
  </datafield>
</record>
